ბათუმის შოთა რუსთაველის სახელმწიფო უნივერსიტეტის ბიბლიოთეკა

თხზულებანი.ტ.7.ენა,საზრისი,ყოფიერება... (ბიბ.ჩანაწერი № 43212)

000 -LEADER
fixed length control field 01067nam a2200253Ia 4500
001 - CONTROL NUMBER
control field 9937
003 - CONTROL NUMBER IDENTIFIER
control field GE_BSU
008 - FIXED-LENGTH DATA ELEMENTS--GENERAL INFORMATION
fixed length control field 181216s||||||||xx |||||||||||||| ||und||
020 ## - INTERNATIONAL STANDARD BOOK NUMBER
International Standard Book Number 9789941444081
040 ## - CATALOGING SOURCE
Transcribing agency GE_BSU
080 ## - UNIVERSAL DECIMAL CLASSIFICATION NUMBER
Universal Decimal Classification number 81:1
100 ## - MAIN ENTRY--PERSONAL NAME
Personal name კაშია,ჯანრი
245 ## - TITLE STATEMENT
Title თხზულებანი.ტ.7.ენა,საზრისი,ყოფიერება...
245 ## - TITLE STATEMENT
Remainder of title ქართველურ ენათა ტიპოლოგია:ენათმეცნიერება
245 ## - TITLE STATEMENT
Statement of responsibility, etc. რედ.თამარ დემეტრაშვილი
260 ## - PUBLICATION, DISTRIBUTION, ETC.
Place of publication, distribution, etc. თბილისი
260 ## - PUBLICATION, DISTRIBUTION, ETC.
Name of publisher, distributor, etc. ქართული ბიოგრაფიული ცენტრი.
260 ## - PUBLICATION, DISTRIBUTION, ETC.
Date of publication, distribution, etc. 2013
300 ## - PHYSICAL DESCRIPTION
Extent 295გვ.ფოტო.21სმ.
653 ## - INDEX TERM--UNCONTROLLED
Uncontrolled term ენა,საზრისი,ყოფიერება..
653 ## - INDEX TERM--UNCONTROLLED
Uncontrolled term თხზულებანი
653 ## - INDEX TERM--UNCONTROLLED
Uncontrolled term ქართველურ ენათა ტიპოლოგია:ენათმეცნიერება
942 ## - ADDED ENTRY ELEMENTS (KOHA)
Koha item type წიგნი
ეგზემპლარები
Withdrawn status Lost status Damaged status Not for loan Date acquired Barcode Date last seen Price effective from Koha item type
        2018-12-17 33270 2018-12-17 2018-12-17 წიგნი
        2018-12-17 33269 2018-12-17 2018-12-17 წიგნი